| 000 | 02313nam a2200253Ia 4500 | ||
|---|---|---|---|
| 008 | 130821s2004 xxu gs eng | ||
| 040 |
_aCo-BoUCM _bspa |
||
| 041 | 0 | 0 | _aeng |
| 092 | _aDVD 0658 | ||
| 245 | 0 | 4 |
_aThe sea inside _c[DVD] _cDirector Alejandro Amenàbar |
| 260 |
_aWashington D.C. (Estados Unidos) _bSogecine / Himenóptero / UGC Images / Eyescreen _c2004 |
||
| 300 | _a1 DVD | ||
| 508 | _aDIRECTOR Alejandro Amenábar ; GUIÓN Alejandro Amenábar, Mateo Gil ; FOTOGRAFÍA Javier Aguirresarobe | ||
| 511 | _aJavier Bardem, Belén Rueda, Lola Dueñas, Mabel Rivera, Clara Segura, Joan Dalmau, Tamar Novas, Jose María Pou, Celso Bugallo, Frances Garrido | ||
| 520 | _aRamón (Javier Bardem) lleva casi treinta años postrado en una cama al cuidado de su familia. Su única ventana al mundo es la de su habitación, que da al mar, donde sufrió el accidente que interrumpió su juventud. Desde entonces, su único deseo es terminar con su vida dignamente. La llegada de dos mujeres alterará su mundo: Julia (Belén Rueda), la abogada que quiere apoyar su lucha, y Rosa (Lola Dueñas), una vecina que intenta convencerlo de que vivir merece la pena. Ambas, cautivadas por la luminosa personalidad de Ramón, tendrán que replantearse, a partir de ahora, los principios que rigen sus vidas. Él sabe que sólo quien de verdad le ame le ayudará a emprender el último viaje. | ||
| 546 | _aAudio inglés y español ; subtítulos inglés y español | ||
| 586 | _a2004: Oscar: Mejor película habla no inglesa. 2 nominaciones 2004: Globo de Oro Mejor Película habla no inglesa. 2 nominaciones 2004: 14 Premios Goya, incluyendo mejor película, director, actor. 15 nominaciones 2004: Venecia: León de Plata (Premio Especial del Jurado). Copa Volpi al mejor actor (Bardem) 2004: Premios del Cine Europeo: Mejor Director, Mejor Actor (Bardem) 2004: Nominada al César: Mejor película extranjera 2004: David de Donatello: Mejor película europea 2004: National Board of Review: Mejor película extranjera | ||
| 650 | 0 | 4 |
_aAmor en el cine _98920 |
| 650 | 0 | 4 |
_aEntretenimiento _926487 |
| 650 | 0 | 4 |
_aEutanasia _xCine _vDVD _915302 |
| 650 | 0 | 4 |
_aMuerte _xCine _vDVD _919861 |
| 856 | 0 | 4 |
_uhttp://www.youtube.com/watch?v=PxXb_YZ-CQI _zSiga este vínculo para ver el trailer. |
| 942 |
_cMULTIMEDIA _2LOCAL _a11 _e1 |
||
| 999 |
_c72749 _d72749 |
||